Pater Noster - Statistics

General Stats
  • This quiz has been taken 155 times
  • The average score is 33 of 50
Answer Stats
Answer % Correct
Pater
100%
Noster,
98%
qui
89%
in
85%
es
83%
nomen
77%
regnum
77%
Fiat
75%
in
75%
tua,
75%
tuum.
75%
caelis,
74%
in
74%
tuum.
74%
Adveniat
72%
nostrum
72%
sicut
72%
terra.
72%
voluntas
72%
da
70%
et
70%
Panem
70%
hodie,
68%
nobis
68%
caelo
66%
et
66%
sanctificetur
66%
debita
62%
nobis
62%
nostra
60%
Amen.
58%
sicut
58%
dimitte
57%
in
57%
sed
57%
Et
55%
inducas
55%
libera
55%
malo.
55%
ne
55%
nos
55%
nos
55%
a
53%
et
53%
nostris.
53%
quotidianum
53%
nos
51%
tentationem,
51%
debitoribus
47%
dimittimus
47%
No matching quizzes found
Score Distribution
Percent of People with Each Score
Percentile by Number Answered
Your Score History
You have not taken this quiz